000 01005nam a22002657a 4500
005 20240304151723.0
008 240304b ||||| |||| 00| 0 eng d
020 _a9781420080704
040 _aCO-BoUCM
_cDavid Moreno
_dDavid Moreno
041 _aeng
060 _aWG 141.5
245 _aTransesophageal echocardiography
_bmultimedia manual
_cedited by André Y. Denault … [et].
260 _aNew York
_bTaylor & Francis
_c2005
300 _axxvi, 581 Pages
_billustrations
_e1 DVD-ROM
504 _aIncluye referencias bibliográficas e índices
650 1 7 _aEcocardiografía transesofágica
_xDiagnostico ultrasonico
_9180182
650 1 7 _aEcocardiografía
_xInstrumentación transesofágica
_9180183
700 1 _aDenault, André Y.
_9180184
700 1 _aCouture, Pierre
_9180185
700 1 _aVegas, Annette
_9180186
700 1 _aBuithieu, Jean
_9180187
700 1 _aTarfit, Jean-Claude
_9180188
942 _2NLM
_a26
_cLIBRO
_e1
_hWG 141.5
_mD391t
_n0
999 _c323945
_d323945